• 首页
  • 本馆介绍
  • 公告通知
  • 最新文献
  • 馆藏检索
  • 电子资源
  • 读者导购
  • 参考咨询
  • 我的图书馆
  • 登录
  • 详细信息显示
  • 放入我的书架
  • 预约/预借图书
  • 作者相关作品
  • 分类相关作品
  • 丛书相关作品
  • 出版社相关作品

书目信息

  • 表格格式
  • 工作单格式
  • 卡片格式
题名:
MySQL数据库基础实例教程
    
 
作者: 周德 , 覃国蓉 主编
分册:  
出版信息: 北京   人民邮电出版社  2017.8
页数: 184页
开本: 26cm
丛书名:
单 册:
中图分类: TP311.132.3 , TP311.138MY-43
科图分类:
主题词: 关系数据库--数据库管理系统,MySQL--高等职业教育--教材
电子资源:
ISBN: 978-7-115-46187-2
000 01213nam0 2200289 450
001 0400001886
005 20171019184505.0
010    @a978-7-115-46187-2@dCNY35.00
100    @a20171018d2017 em y0chiy50 ea
101 0  @achi
102    @aCN@b110000
105    @ay z 000yy
106    @ar
200 1  @aMySQL数据库基础实例教程@9MySQL shu ju ku ji chu shi li jiao cheng@dMySQL database foundation@e微课版@f周德,覃国蓉主编@zeng
210    @a北京@c人民邮电出版社@d2017.8
215    @a184页@d26cm
300    @a工业和信息化“十三五”高职高专人才培养规划教材
330    @a本书以MySQL数据库管理系统为平台较为全面地介绍了数据库的基础知识及其应用。全书共9章,包括数据库基础知识、数据库设计,数据定义、数据更新、数据查询、数据视图、索引、数据库编程和数据安全。全书采用案例教学方式,在应用举例、综合案例、上机实训、练习提高中分别采用四个不同的数据库项目贯穿始末。
510 1  @aMySQL database foundation@zeng
606 0  @a关系数据库@x数据库管理系统,MySQL@x高等职业教育@j教材
610 0  @aMySQL
690    @aTP311.132.3@v5
690    @aTP311.138MY-43@v5
701  0 @a周德@9zhou de@4主编
701  0 @a覃国蓉@9tan guo rong@4主编
801  0 @aCN@b91MARC@c20171019
905    @b1030916-20@dTP311.132.3@f5@e1140
    
    MySQL数据库基础实例教程=MySQL database foundation:微课版/周德,覃国蓉主编.-北京:人民邮电出版社,2017.8
    184页;26cm
    工业和信息化“十三五”高职高专人才培养规划教材
    
    ISBN 978-7-115-46187-2:CNY35.00
    本书以MySQL数据库管理系统为平台较为全面地介绍了数据库的基础知识及其应用。全书共9章,包括数据库基础知识、数据库设计,数据定义、数据更新、数据查询、数据视图、索引、数据库编程和数据安全。全书采用案例教学方式,在应用举例、综合案例、上机实训、练习提高中分别采用四个不同的数据库项目贯穿始末。
●
相关链接 在E读中查询图书 在五车中查询图书 在当当中查询图书 在豆瓣中查询图书


正题名:MySQL数据库基础实例教程     索取号:TP311.132.3/1140         预约/预借

序号 登录号 条形码 馆藏地/架位号 状态 备注
1 1030916   210309165   第二样本阅览室/ [索取号:TP311.132.3/1140] 在馆    
2 1030917   210309174   密集书库—计算机科学学院/ [索取号:TP311.132.3/1140] 在馆    
3 1030918   210309183   第三借阅区/ [索取号:TP311.132.3/1140] 在馆    
4 1030919   210309192   第三借阅区/ [索取号:TP311.132.3/1140] 在馆    
5 1030920   210309209   第三借阅区/ [索取号:TP311.132.3/1140] 在馆    
唐山师范学院图书馆 欢迎您!
大连网信软件有限公司© 版权所有